Muppets Characters - Statistics

General Stats
  • This quiz has been taken 292 times
  • The average score is 18 of 35
Answer Stats
Hint Answer % Correct
Frog Host Of The Muppet Show Kermit The Frog
98%
^'s Pig Girlfriend Miss Piggy
98%
Crazy Drummer Of The Electric Mayhem Animal
93%
Joke Making Bear (Waka Waka) Fozzie Bear
86%
Stunt Performing Bird Gonzo
86%
Foreign Chef Swedish Chef
82%
^'s Meeping Assistant Beaker
81%
Heckling Old Man #2 Waldorf
71%
Heckling Old Man #1 Statler
69%
Leader Of The Electric Mayhem Dr. Teeth
65%
Piano Playing Dog Rowlf
65%
Guitar Player Of The Electric Mayhem Janice
62%
Backstage Manager Scooter
59%
Rat Who Loves To Eat And Play Tricks On Others Rizzo The Rat
58%
Muppet Scientist Dr. Bunsen Honeydew
57%
Spanish Crustacean Pepé The King Prawn
56%
Patriotic Bird Sam The Eagle
55%
The Muppets Biggest Fan Walter
55%
Chicken Camilla
54%
Saxophone Player Of The Electric Mayhem Zoot
51%
Bass Player Of The Electric Mayhem Floyd Pepper
50%
Nephew Of The Main Frog Robin The Frog
48%
Scary Looking Monster Who Loves Everyone Sweetums
40%
Sinister-Looking Blue Dragon Uncle Deadly
40%
Clown Who Throws Boomerang Fish Lew Zealand
38%
Pyrotechnic Expert Crazy Harry
35%
Janitor Beauregard
27%
Befuddled Brown Bear Bobo The Bear
26%
Muppet News Flash Anchor The Newsman
26%
Blond Pig With A Cleft Chin Link Hogthrob
24%
Elderly Doorman Pops
21%
Gentle Blue Giant Monster Thog
19%
"Do Doo Do Doo Doo" The Snowths
16%
Demented Whatnot Musician Marvin Suggs
13%
"Mah Na Mah Na" Manha Manha
7%
No matching quizzes found
Score Distribution
Percent of People with Each Score
Percentile by Number Answered
Your Score History
You have not taken this quiz